[Event "8th Asian Seniors 50 Championships 2017"]
[Site "Auckland, NZL"]
[Date "2017.10.14"]
[Round "8.1"]
[White "Bagamasbad, Efren"]
[Black "Lodhi, Mahmood"]
[Result "1-0"]
[WhiteElo "2082"]
[BlackElo "2344"]
[PlyCount "187"]
[EventDate "2017.??.??"]

1. c4 e5 2. g3 g6 3. Bg2 Bg7 4. Nc3 Ne7 5. e4 O-O 6. Nge2 Nbc6 7. d3 d6 8. Rb1
Be6 9. Nd5 Qd7 10. O-O f5 11. Be3 fxe4 12. dxe4 Rf7 13. Qd2 Raf8 14. f3 b6 15.
b3 Kh8 16. Rbd1 Ng8 17. Rf2 Nd8 18. Rdf1 c6 19. Ndc3 Nf6 20. Rd1 Nb7 21. g4 Qc8
22. h3 Nd7 23. Rff1 Qe8 24. Ng3 Ndc5 25. h4 Bc8 26. h5 Ne6 27. hxg6 hxg6 28.
Nge2 Nf4 29. Nxf4 exf4 30. Bd4 Be5 31. Ne2 Qe7 32. Bh3 Rh7 33. Kg2 g5 34. Rh1
Kg7 35. Kf2 Rfh8 36. Bg2 Rxh1 37. Rxh1 Rxh1 38. Bxh1 Qf6 39. Bg2 Nc5 40. Bf1
Ne6 41. Bc3 Kf7 42. Ke1 Ke7 43. Kd1 Qh8 44. Bxe5 dxe5 45. Ng1 Nd4 {Slo wly but
surely Black has taken control. It is surprising to see the lower rated player
reverse the trend of the game and completely turn things around in the second
half} 46. Qf2 Qd8 47. Kc1 Qd6 48. Qh2 Qb4 49. Qd2 a5 50. Qxb4+ axb4 51. Kd2 Kd6
52. Be2 Bd7 53. Nh3 Ne6 54. c5+ $5 {To free (and possibly exchange) the poor
Bishop, it's not a sacrifice as White will win the Black g-pawn and get an
outside passer} bxc5 55. Bc4 Nd4 56. Nxg5 Ke7 57. Be2 Kf6 58. Nh3 Be6 59. Nf2
c4 60. bxc4 Nxe2 61. Kxe2 Bxc4+ 62. Nd3 Bxa2 $2 63. Nxb4 Bc4+ 64. Nd3 Ke6 65.
Kd2 Kd6 66. Kc3 Bb5 67. Kd2 Bc4 68. Nf2 Bf1 69. Nd3 c5 70. Nc1 Bc4 71. Nd3 Bb3
72. Nf2 Bc4 73. g5 Be6 74. g6 Ke7 75. Nd3 Kf6 76. Nxc5 Bh3 77. Nd3 {Ed: Since t
he pawn structure is closed and there aren't pawns on both wings, it's not
surprising that the knight is outclassing the bishop.} Kxg6 78. Nxe5+ Kf6 79.
Nd3 Bg2 80. Ke2 Kg5 81. Ne1 Bh3 82. Kd3 Kf6 $2 {Ed: This is actually the
losing move, Black can hold if he can prevent Kd4-d5 and e4-e5-e6 but now e5
comes with check and his bishop is blocked out so he is not in time.} (82...
Be6 $1) 83. Kd4 Bf1 ({or} 83... Be6 84. Nd3 Kg5 85. Ke5) 84. e5+ Kf5 85. Kd5
Bb5 86. Nc2 Ba4 87. Nd4+ Kg5 88. Ke4 Bd7 89. e6 Be8 90. Ke5 Kg6 91. Ne2 Ba4 92.
Nxf4+ Kg7 93. Nd5 Kf8 94. f4 1-0

[Event "8th Asian Seniors 50 Championships 2017"]
[Site "Auckland, NZL"]
[Date "2017.10.14"]
[Round "8.6"]
[White "Eade, Don"]
[Black "Kempen, Leon"]
[Result "1/2-1/2"]
[WhiteElo "1794"]
[BlackElo "1892"]
[PlyCount "89"]
[EventDate "2017.??.??"]

1. e4 e6 2. d4 d5 3. Nd2 c5 4. Ngf3 Nf6 5. e5 Nfd7 6. c3 Nc6 7. Bd3 h6 8. O-O
g5 9. Qe2 g4 10. Ne1 cxd4 11. cxd4 Qh4 12. Nb3 a5 13. a4 Be7 14. f4 Nf8 15. Be3
Bd7 16. f5 Nh7 17. f6 Bb4 18. g3 Qh5 19. Rf4 Ng5 20. Rxg4 Bxe1 21. Rxe1 Nb4 22.
Rh4 Qxe2 23. Bxe2 Nc2 24. Bxg5 Nxe1 25. Rxh6 O-O-O 26. Nc5 Nc2 27. Bh5 Nxd4 28.
Kf2 Rxh6 29. Bxh6 Rh8 30. Bxf7 Rxh6 31. Ke3 Nf5+ 32. Kf4 Rxh2 33. Bxe6 Rf2+ 34.
Kg5 Bxe6 35. Nxe6 Nxg3 36. Nf4 Ne4+ 37. Kg4 Rxf4+ 38. Kxf4 Kd7 39. f7 Ke7 40.
e6 Nd2 $2 {Black misses Nc5 which wins easily.} 41. Ke5 Nc4+ 42. Kf5 Ne3+ 43.
Ke5 Nc4+ 44. Kf5 Ne3+ 45. Ke5 1/2-1/2

[Event "8th Asian Seniors 50 Championships 2017"]
[Site "Auckland, NZL"]
[Date "2017.10.15"]
[Round "9.4"]
[White "Steadman, Michael"]
[Black "Watson, Bruce R"]
[Result "0-1"]
[WhiteElo "2196"]
[BlackElo "2275"]
[PlyCount "98"]
[EventDate "2017.??.??"]

1. d4 Nf6 2. c4 e6 3. Nc3 d5 4. Nf3 Be7 5. Bf4 O-O 6. e3 c5 7. dxc5 Bxc5 8. a3
dxc4 9. Bxc4 a6 10. Qc2 b5 11. Bd3 Nbd7 12. Ne4 Qb6 13. Rc1 Be7 14. Bc7 Qa7 15.
Bd6 Bxd6 16. Nxd6 Bb7 17. O-O Bxf3 18. gxf3 Ne5 19. Be4 Rad8 20. Rfd1 Qb8 21.
Qc5 Nd5 22. f4 Nd7 23. Qc6 N7f6 24. Nb7 Nxe4 25. Nxd8 Qxd8 26. f3 Qh4 27. fxe4
{Black has given up the exchange for an attacking position using his Queen and
Knight.} Nxe3 28. Rd2 Qg4+ 29. Kh1 Qxf4 30. Re1 h5 31. Rde2 Ng4 32. Qc5 g6 33.
Kg1 Rd8 34. Rf1 Qb8 35. Qe7 Rf8 36. Qg5 Qb6+ 37. Kg2 Qd4 38. h3 Ne5 39. Qf6 Qc4
40. Re3 Qd4 41. Re2 Qd3 42. Rff2 Qd4 43. Rf1 Qc4 44. Re3 Qc5 45. Re2 Rc8 46.
Rd1 Qc4 47. Kf2 Nd3+ 48. Ke3 Nc5 49. Kf3 $4 (49. Red2 $1 {
and White's counterplay holds the game}) 49... Qb3+ 0-1

[Event "8th Asian Seniors 50 Championships 2017"]
[Site "Auckland, NZL"]
[Date "2017.10.15"]
[Round "9.11"]
[White "Yee, Stanley"]
[Black "Lim, Benjamin U"]
[Result "1-0"]
[WhiteElo "1904"]
[BlackElo "1952"]
[PlyCount "59"]
[EventDate "2017.??.??"]

1. d4 Nf6 2. g3 g6 3. Bg2 Bg7 4. c4 O-O 5. Nf3 d6 6. O-O Nbd7 7. Nc3 Re8 8. e4
e5 9. d5 Nc5 10. Re1 a5 11. b3 h6 12. h3 Kh7 13. Rb1 Nh5 14. Be3 b6 15. Qd2 Bd7
16. a3 a4 17. b4 Nb3 18. Qd1 Qf6 19. Nd2 Nf4 $1 {A clever defensive idea} 20.
Nxb3 axb3 $2 {But now that the Bishop has a retreat path, Nxg2 was necessary
first. Now Black loses a piece.} 21. gxf4 exf4 22. Bd2 Rxa3 23. Qf3 {
The advanced pawn provides Black with some chances} Ra2 $5 (23... b2 $1) 24.
Nxa2 bxa2 25. Ra1 Qb2 26. Qxf4 $2 {
Black is actually now better despite White's extra rook} (26. Bxf4 $1) 26...
Qxa1 $2 ({White is tied up and Black should prepare this with} 26... Kg8 $1 {
then ...Ra8. The 'a' pawn will then promote recouping all material withinterest
}) 27. Rxa1 Bxa1 28. Qxf7+ Bg7 29. Bc3 Rg8 30. Qxd7 1-0

[Event "8th Asian Seniors 50 Championships 2017"]
[Site "Auckland, NZL"]
[Date "2017.10.14"]
[Round "8.2"]
[White "Watson, Bruce R"]
[Black "Johansen, Darryl K"]
[Result "0-1"]
[WhiteElo "2275"]
[BlackElo "2380"]
[PlyCount "90"]
[EventDate "2017.??.??"]

1. c4 c5 2. Nf3 Nf6 3. Nc3 e6 4. g3 b6 5. Bg2 Bb7 6. O-O Be7 7. b3 O-O 8. Bb2
d6 9. e3 Nbd7 10. Qe2 a6 11. Rfd1 Qc7 12. Rac1 Rac8 13. d4 Qb8 $6 (13... Rfe8 {
better prepares for d4-d5.}) (13... cxd4 $5 14. exd4 Qb8) 14. d5 exd5 {
A novelty in this position.Two games have featured 15.....e5 which I had no
intention ofplaying!} 15. Nxd5 Nxd5 (15... Bxd5 {was possible.} 16. cxd5 b5 17.
b4 Rfe8 18. bxc5 dxc5 19. a4 $5) 16. cxd5 Bf6 $1 {The point of taking with the
knight.Of course,in a Benoni-like structure,trading off the second pair of
minor pieces is important,from a space point of view.} 17. a3 (17. Bh3 Rcd8 18.
Bxd7 Bxb2 19. Qxb2 Rxd7 20. b4 {Seemed simple enough.} Re8 21. bxc5 bxc5 22.
Nh4 $11) 17... Bxb2 18. Qxb2 Nf6 (18... Rfe8 $1 $11) 19. Nh4 $5 (19. Nd2 Bxd5
20. Bxd5 Nxd5 21. Nc4 Ne7 22. Nxd6 Rcd8 $11) 19... Rce8 (19... b5 {
Was strategically desirable,but....} 20. Nf5 Rce8 21. g4 {
concerned me. Komodo is unfazed.} Qd8 22. Nxg7 Kxg7 23. g5 h6 24. gxf6+ Qxf6 {
Which I had seen,is equal. I thought the text gave me more.}) 20. b4 $1 Qc7 21.
bxc5 bxc5 22. Rb1 (22. Nf5 $5 Bc8 23. Nd4) 22... Bc8 23. Qb6 Qe7 24. Qc6 $2 {
Ponderous.} g6 $6 (24... g5 $1 25. Nf3 Ne4 26. Rf1 (26. Rb6 $2 Nxf2) 26... Bg4
{With threats.} 27. Rbd1 Bd7 28. Qxa6 Nc3 $17) 25. Rb6 Nd7 26. Qxd6 {He goes fo
r it, and why not? Bruce had missed ...Nd7, but,as I sat at the board I
thought, "He's not likely to movebackwards!"} (26. Rbb1 Ne5 27. Qa4 Bg4 $17)
26... Nxb6 27. Qxb6 Bg4 28. Rc1 Rb8 29. Qxa6 Rb2 $1 30. h3 Be2 {
My judgement was right; Komodo warms to my position.} 31. Qc6 $5 (31. Qa5 Qf6
32. Qc3 Qxc3 33. Rxc3 c4 $17) 31... c4 32. Nf3 $6 (32. d6 $1 Qf6 33. d7 Qxc6
34. Bxc6 Rb6 35. Bd5 Rd8 36. Bxc4 $17 Rc6 $2 37. Bxf7+ $1) 32... Qxa3 33. Nd4
Bd3 34. d6 Qb4 (34... Rxf2 $1 35. Kxf2 Qxc1 36. d7 Qd2+ 37. Kf3 {
and now the simple 37....Qa5.} Qa5) (34... Rd8 35. Bd5 (35. d7 $1 Qe7 36. Bd5
Qxd7 37. Bxc4 Qxc6 38. Nxc6) 35... Rxf2 $1) 35. Ra1 $2 {Losing.} (35. Rd1 $1
Rd8 36. Bd5 Qxd6 37. Bxc4 Bxc4 38. Qxc4 Ra8 39. Qc3 (39. Rf1 Raa2 40. Qc8+ Kg7
41. Qg4 Qf6 42. Qf3 {Holds.}) 39... Raa2 40. Rf1 $2 Qxg3+ $1) 35... Qd2 36. Qf3
c3 $1 37. Ra8 Rbb8 38. Rxb8 Rxb8 39. Qd5 c2 40. Nxc2 Qd1+ (40... Rb1+ $1 41.
Kh2 Qxf2 42. g4 Bxc2 43. d7 Qg1+ 44. Kg3 Qxe3+ $19) 41. Kh2 Bxc2 42. Qc6 Ba4
43. Qc4 Bb5 44. Qc7 Rf8 45. Qe7 Qc2 {
A rook down and not much happening, white resigned.} 0-1

[Event "8th Asian Seniors 50 Championships 2017"]
[Site "Auckland, NZL"]
[Date "2017.10.15"]
[Round "9.3"]
[White "Johansen, Darryl K"]
[Black "Chan, Peng Kong"]
[Result "1-0"]
[WhiteElo "2380"]
[BlackElo "2170"]
[PlyCount "75"]
[EventDate "2017.??.??"]

1. c4 c5 2. Nf3 Nc6 3. d4 cxd4 4. Nxd4 g6 5. e4 Bg7 6. Nc2 Nf6 7. Nc3 d6 8. Be2
O-O 9. O-O Bd7 10. Be3 Qa5 11. f3 Rfc8 12. Rc1 (12. Qd2 {
I've played before,but the the ending after...} Ne5 13. Na3 Be6 14. Nd5 Qxd2
15. Bxd2 {Is tough to win.}) 12... Be6 13. Qd2 Nd7 14. b4 (14. Na3 Nc5 $11)
14... Qd8 15. Nd5 Nf6 $2 (15... a5 $1 {Is what concerned me. It has been
played with good equalising prospects (6 draws 1 loss on Chessbase!)} 16. b5 (
16. a3 axb4 17. axb4 Nce5 18. Nd4 Bxd5 19. cxd5 Nb6) 16... Nce5 17. Nd4 Bxd5
18. cxd5 Nc5 $11) 16. Rfd1 {Now I'm cruising,finally.} Ne5 17. Nd4 Bxd5 18.
exd5 $1 a5 19. a3 h5 $6 (19... axb4 20. axb4 Ra3 {Creates an annoying rook!})
20. Nb5 {Stopping the annoying rook!} b6 $6 21. h3 Ned7 {
Black sends his army back to barracks.} 22. Nd4 Nb8 23. f4 $5 (23. Qd3) (23.
Bd3) (23. Re1) 23... Ne4 {PK takes a chance.} 24. Qd3 Bxd4 $6 (24... Ng3 $1 25.
Bf3 Bxd4 26. Bxd4 h4 {A better version of the game.}) 25. Bxd4 $1 f5 (25... Nf6
26. f5 $18) 26. Bf3 Nf6 27. g4 $5 axb4 28. axb4 Qd7 (28... Na6 {
then I'll play...} 29. g5 Ne8 30. Qd2) 29. gxh5 Na6 30. Qd2 Kh8 31. Kh1 Rg8 32.
Rg1 Rg7 (32... gxh5 33. Rg5 Kh7 34. Rcg1 Rxg5 35. fxg5 Ne4 36. g6+ Kg8 37. Qh6)
33. Rg5 Rag8 34. Rcg1 Qc8 (34... gxh5 35. Qg2 Rxg5 36. fxg5 Kh7 37. Qe2 $18)
35. hxg6 Rf8 36. Qf2 $1 {The attack will crash through.} Nxb4 (36... Qxc4 37.
Bxf6 Rxf6 38. Qh4+ Kg8 39. Rh5 Rfxg6 40. Rxg6 Qc1+ (40... Rxg6 41. Rh8+ Kf7 42.
Qh7+ Rg7 43. Qxf5#) 41. Kh2 Qb2+ 42. Rg2) 37. Qh4+ Kg8 38. Bxf6 1-0